000 00243nam a22001217a 4500
008 170504b xxu||||| |||| 00| 0 eng d
041 _aeng
080 _a34
100 _a13
101 _aSHJ
245 _aEVIDENCE
_cGOLD.L
942 _2udc
_cBK
999 _c12638
_d12638